| 000 | 00532cas a22001575a 4500 | ||
|---|---|---|---|
| 001 | L137156 | ||
| 008 | 070319c2002 xxkmr p 0 a0eng u | ||
| 022 | 1 | _a1476-766X | |
| 041 | 0 | _aeng | |
| 245 | 0 | 0 |
_aNews on the Block _h[electronic resource] |
| 260 |
_aLondon _bAdrenaline Media PLC |
||
| 651 | 4 |
_aEngland and Wales _y1543- |
|
| 690 | _aPROPERTY-RESIDENTIAL PROPERTY-DOMESTIC RESIDENTIAL PROPERTY-HOUSING-FLATS | ||
| 856 |
_uhttps://www.newsontheblock.com/ _zAvailable online at http://www.newsontheblock.com/ |
||
| 942 |
_n0 _2ddc |
||
| 999 |
_c118884 _d118884 |
||